ბათუმის შოთა რუსთაველის სახელმწიფო უნივერსიტეტის ბიბლიოთეკა

შრომის უსაფრთხოება მშენებლობაში : (ბიბ.ჩანაწერი № 50350)

000 -ლიდერი
ფიქსირებული სიგრძის საკონტროლო ველი 01243nam a2200265Ia 4500
001 - საკონტროლო ნომერი
საკონტროლო ველი 17291
003 - საკონტროლო ნომრის იდენტიფიკატორი
საკონტროლო ველი GE_BSU
005 - ბოლო ოპერაციის თარიღი და დრო
საკონტროლო ველი 20200212134752.0
008 - ფიქსირებული სიგრძის მონაცემთა ელემენტები - ზოგადი ინფორმაცია
ფიქსირებული სიგრძის საკონტროლო ველი 181216s2006 xx |||||||||||||| ||geo||
020 ## - წიგნის საერთაშორისო სტანდარტული ნომერი
International Standard Book Number 9994048708
040 ## - კატალოგიზაციის წყარო
Transcribing agency GE_BSU
041 ## - ენის კოდი
Language code of text/sound track or separate title geo
080 ## - უნივერსალური ათობითი კლასიფიკაციის ინდექსი
Universal Decimal Classification number 349.2+69(075.8) ჟ-84
100 ## - მთავარი ჩანაწერი - პიროვნების სახელი
Personal name ჟორდანია, თ. ნ.
9 (RLIN) 6992
245 ## - ცნობა სათაურის შესახებ
Title შრომის უსაფრთხოება მშენებლობაში :
Remainder of title [სახელმძღვ. სამშენებლო ფაკ. სტუდ.] /
Statement of responsibility, etc თ. ჟორდანია ; ნ. რაზმაძე ; დ. თევზაძე.
264 ## - წარმოების, გამოცემის, დისტრიბუციის და სხვა ცნობები
გამოცემის, წარმოების, დისტრიბუციის... ადგილი თბილისი :
გამოცემის, წარმოების, დისტრიბუციის... სახელწოდება ტექნ. უნ-ტი,
გამოცემის, წარმოების, დისტრიბუციის... თარიღი 2006.
300 ## - ფიზიკური აღწერა
Extent 80 გვ.:
Other physical details ნახ.
Dimensions 29 სმ.
504 ## - BIBLIOGRAPHY, ETC. NOTE
Bibliography, etc ბიბლიოგრ.: გვ. 80.
653 ## - INDEX TERM--UNCONTROLLED
Uncontrolled term მშენებლობა
653 ## - INDEX TERM--UNCONTROLLED
Uncontrolled term შრომის სამართლის სახელმძღვანელოები; შრომის უსაფრთხოება მშენებლობაში;
653 ## - INDEX TERM--UNCONTROLLED
Uncontrolled term სამართალი
700 ## - ADDED ENTRY--PERSONAL NAME
Personal name რაზმაძე, ნ
9 (RLIN) 6993
700 ## - ADDED ENTRY--PERSONAL NAME
Personal name თევზაძე, დ
9 (RLIN) 6994
942 ## - ADDED ENTRY ELEMENTS (KOHA)
Koha item type წიგნი
Source of classification or shelving scheme
ეგზემპლარები
ჩამოწერის სტატუსი დაკარგული ეგზემპლარის სტატუსი კლასიფიკაციის წყარო ან თაროზე გაწყობის სქემა დაზიანების სტატუსი არ გაიცემა მუდმივი მდებარეობა (დაცვის ადგილი) ამჟამინდელი ადგილსამყოფელი თაროზე განთავსების ადგილი შეძენის თარიღი სრული შენახვის შიფრი შტრიხკოდი ბოლო ოპერაციის თარიღი ეგზემპლარის მიმდევრობითი ნომერი (კეტერი?) ფასის ძალაში შესვლის თარიღი ეგზემპლარის სახეობა
          ბათუმის შოთა რუსთაველის სახელმწიფო უნივერსიტეტის მთავარი ბიბლიოთეკა ტექნოლოგიური ფაკულტეტის ბიბლიოთეკა წიგნსაცავი 2018-12-17 349.2+69(075.8) ჟ-84 45440 2018-12-17 45440 2018-12-17 წიგნი
          ბათუმის შოთა რუსთაველის სახელმწიფო უნივერსიტეტის მთავარი ბიბლიოთეკა ტექნოლოგიური ფაკულტეტის ბიბლიოთეკა წიგნსაცავი 2018-12-17 349.2+69(075.8) ჟ-84 45441 2018-12-17 45441 2018-12-17 წიგნი